| 000 | 00876nam a22002177a 4500 | ||
|---|---|---|---|
| 999 |
_c13618 _d13618 |
||
| 003 | AR-CdUCM | ||
| 008 | 190415b ||||| |||| 00| 0 spa d | ||
| 040 |
_aMUNICIPALIDAD PROVINCIAL DEL CUSCO _cBIBLIOTECA MUNICIPAL DEL CUSCO |
||
| 082 |
_aTS / 985.613 / _bN94 |
||
| 100 |
_aNuñez del Prado Tio, Maria Luisa _932096 |
||
| 245 | _aEstudio antropométrico en la parcialidad de Yanahuara / | ||
| 260 |
_aCusco : _bUniversidad Nacional del Cusco, _c1960. |
||
| 300 |
_a43 páginas ; _bGráficos plegables, _c21 cm. |
||
| 500 | _aTesis presentada para optar al grado de Doctor en la facultad de letras, especialidad "historia y antropología". | ||
| 505 | _aContenido: Estudio antropométrico en la parcialidad de Yanahuara. | ||
| 650 |
_aHistoria _9136 |
||
| 650 |
_aAntropométrico _932097 |
||
| 650 |
_aYanahuara _932098 |
||
| 942 |
_2ddc _cTESIS |
||
| 945 |
_acmm _d2019-04-15 |
||